000 01620nam a2200313 a 4500
001 000030687
003 OSt
005 20201001123911.0
008 110526s1921 wauab 000 0 spa d
040 _aDO-SdBNP
_bspa
_cBNPHU
082 4 _a559.7293
_bV364g
100 1 _aVaughan, Thomas Wayland,
_d1870-1952.
_936748
245 1 0 _aA geological reconnaissance of the dominican republic /
_cT. W. Vaughan, Wythe Cooke, D. D. Condit, C. P. Ross, W. P. Woodring, F. C. Calkins.
260 _aWashington :
_b[Gibson brothers, inc.],
_c1921.
300 _a268 p. :
_bil. ;
_c26 cm.
490 1 _v1
500 _aA la cabeza del titulo : Thomas Snowden, rear admiral, U.S. navy, military governor of Santo Domingo. R.M. Warfield, lieut. commander, C.E.C., U.S. navy, in charge of the Secretaryship of state of fomento and communications. Geological survey of the Dominican republic. Thomas Wayland Vaughan, geologist in charge. Official publications of the Secretaryship of state of fomento and communications, Dominican republic.
500 _aPublicación oficial de la Secretaryship of state of fomento and communications, Dominican republic.
504 _aBibliografía: p. 18-25.
650 _aGeología
_zRepública Dominicana
_91742
700 1 2 _aCooke, Charles Wythe,
_d1887-
_957265
700 1 2 _aCondit, Daniel Dale,
_d1886-
_957266
700 1 2 _aRoss, Clyde P. (Clyde Polhemus),
_d1891-
_957267
700 1 2 _aWoodring, W. P. (Wendell Phillips),
_d1891-1983.
_957268
711 2 _aGeological Survey (U.S.)
_976724
830 0 _n1
_957269
910 _aValidado. Control de calidad MFF
942 _2ddc
_cLF1
999 _c30179
_d30179